Datum a čas kvízu
23.5
Celkem bodů
Celkový počet nahraných bodů na tomto kvízu bez doplňovacích otázek.
7.
Pořadí na kvízu
Konečné umístění týmu na tomto kvízu.
Zaznamenané odpovědi
| # | Otázka | Odpověď | Body | Výsledky |
|---|---|---|---|---|
| 1. | Ústavní soud zamítl návrhy pre... | lex Babiš | 1 | |
| 2. | Lídrem slovenské opozice se v... | Obyčajní ľudia | 0 | |
| 3. | V úterý odstartovala na Primě... | Na Pavláska | 0 | |
| 4. | Minulý týden vydal Krajský sou... | Mladá fronta | 0 | |
| 5. | Nejmladší střelec v historii č... | Václav Kadlec | 1 | |
| 6. | Na tento týden připadá období... | bachyně | 1 | |
| 7. | S tímto zvláštně vypadajícím p... | (prase) bradavičnaté | 1 | |
| 8. | Již delší dobu se experimentuj... | xenotransplantace | 0 | |
| 9. | Prase je čistotné a inteligent... | A | 0 | |
| 10. | Obliba miniprasátek jako domác... | Babe | 1 |